駅名に「林」を含む駅 - Statistics

General Stats
  • This quiz has been taken 114 times
  • The average score is 17 of 36
Answer Stats
Hint Answer % Correct
高岡市
92%
館林市 館林
84%
印西市 小林
84%
宝塚市 小林
84%
小林市 小林
84%
富田林市 富田林
81%
大和市 中央林間
79%
大和市 南林間
71%
相模原市 東林間
59%
札幌市 森林公園
58%
滑川町 森林公園
58%
高松市 栗林
55%
橋本市 林間田園都市
53%
高松市 栗林公園
52%
世田谷区 若林
49%
豊田市 若林
49%
結城市 小田林
48%
小林市 西小林
47%
藤崎町 林崎
45%
高松市 栗林公園北口
41%
富田林市 富田林西口
40%
館林市 茂林寺前
34%
広島市 梅林
34%
福岡市 梅林
34%
美作市 林野
33%
帯広市 柏林台
30%
大阪市 千林
30%
村上市 平林
27%
大阪市 平林
27%
大阪市 千林大宮
26%
明石市 林崎松江海岸
26%
神戸市 駒ヶ林
22%
伊賀市 上林
15%
阿南市 見能林
14%
高松市 林道
14%
浜松市 遠州小林
11%
No matching quizzes found
Score Distribution
Percent of People with Each Score
Percentile by Number Answered
Your Score History
You have not taken this quiz